000 00241nam a22000857a 4500
999 _c516350
_d516350
100 _aSharma, Rajiv (ed.)
_922843
245 _aGood governance :
_bStimuli and strategies
_cedited by Rajiv Sharma
260 _aJaipur
_bAalekh
_c2010
300 _a244p.